BIBLIOTECA PODER JUDICIAL
Portal Judicial TDF

La sanción a los actos discriminatorios en redes sociales: discursos de odio y libertad de expresión / (Registro nro. 6458)

000 -LEADER
fixed length control field 01703nab a22002777a 4500
003 - CONTROL NUMBER IDENTIFIER
control field OSt
005 - DATE AND TIME OF LATEST TRANSACTION
control field 20260205102833.0
008 - FIXED-LENGTH DATA ELEMENTS--GENERAL INFORMATION
fixed length control field 190429b xxu||||| |||| 00| 0 spa d
040 ## - CATALOGING SOURCE
Transcribing agency PJ
100 ## - MAIN ENTRY--PERSONAL NAME
Personal name Massenzio, Flavia
9 (RLIN) 7080
245 13 - TITLE STATEMENT
Title La sanción a los actos discriminatorios en redes sociales: discursos de odio y libertad de expresión /
Statement of responsibility, etc Flavia Massenzio, Martín Muñoz, María Rachid.
260 ## - PUBLICATION, DISTRIBUTION, ETC. (IMPRINT)
Date of publication, distribution, etc Ciudad Autónoma de Buenos Aires :
Place of publication, distribution, etc Thomson Reuters La Ley,
Name of publisher, distributor, etc 2024.
300 ## - PHYSICAL DESCRIPTION
Extent p. 178-189
500 ## - GENERAL NOTE
General note Cita: TR LALEY AR/DOC/907/2024.
505 ## - FORMATTED CONTENTS NOTE
Formatted contents note Sumario: I. Introducción: la importancia del análisis de este fallo.— II. Matriz de análisis de casos de discriminación y discursos de odio.— III. Verificación de hechos: la autoría y el dolo.— IV. Verificación de la lesión de derechos.— V. Verificación de la asociación de una persona a un grupo vulnerado como pretexto motivador.— VI. Verificación de la arbitrariedad de la conducta: los discursos discriminatorios y su aparente tensión con la libertad de expresión.— VII. La condena y las medidas de protección ulteriores.— VIII. Conclusión.
505 ## - FORMATTED CONTENTS NOTE
Title Si te interesa el texto completo, solicitalo a koha@justierradelfuego.gov.ar
650 #0 - SUBJECT ADDED ENTRY--TOPICAL TERM
9 (RLIN) 343
Topical term or geographic name as entry element DERECHO PENAL
650 #0 - SUBJECT ADDED ENTRY--TOPICAL TERM
9 (RLIN) 1576
Topical term or geographic name as entry element DISCRIMINACION
650 #0 - SUBJECT ADDED ENTRY--TOPICAL TERM
9 (RLIN) 4109
Topical term or geographic name as entry element REDES SOCIALES
650 #0 - SUBJECT ADDED ENTRY--TOPICAL TERM
9 (RLIN) 4305
Topical term or geographic name as entry element DERECHO A LA IDENTIDAD DE GÉNERO
650 #0 - SUBJECT ADDED ENTRY--TOPICAL TERM
9 (RLIN) 1260
Topical term or geographic name as entry element LIBERTAD DE EXPRESION
650 #0 - SUBJECT ADDED ENTRY--TOPICAL TERM
9 (RLIN) 6081
Topical term or geographic name as entry element CIENCIA Y TECNOLOGÍA
700 ## - ADDED ENTRY--PERSONAL NAME
Personal name Muñoz, Martín
9 (RLIN) 7081
773 0# - HOST ITEM ENTRY
Host Biblionumber 2658
Host Itemnumber 3164
Title Revista de derecho penal y criminología. Nº 4 - Mayo 2024
Place, publisher, and date of publication Ciudad Autónoma de Buenos Aires : Thomson Reuters La Ley, 2017-
International Standard Serial Number 00347914
942 ## - ADDED ENTRY ELEMENTS (KOHA)
Source of classification or shelving scheme
Koha item type Analítica Artículo de Revista

No hay ítems disponibles.

12 de Octubre 789 Ushuaia - Tel:  54(02901)441571
Horario de Atención: 8.00 a 17.00 hs. 
bibliotecaush@justierradelfuego.gov.ar
koha@justierradelfuego.gov.ar
Seguinos en nuestras redes @bibliojustdf 

Con tecnología Koha